Construction and housing (Record no. 120954)

MARC details
000 -LEADER
fixed length control field 00753cai a22001935a 4500
001 - CONTROL NUMBER
control field L155067
008 - FIXED-LENGTH DATA ELEMENTS--GENERAL INFORMATION
fixed length control field 120224u2012 xxk f 000 0 eng d
035 ## - SYSTEM CONTROL NUMBER
System control number (Sirsi) u155067
041 0# - LANGUAGE CODE
Language code of text/sound track or separate title eng
110 2# - MAIN ENTRY--CORPORATE NAME
Corporate name or jurisdiction name as entry element Statistics Norway
9 (RLIN) 6019
245 00 - TITLE STATEMENT
Title Construction and housing
Medium [electronic resource]
260 ## - PUBLICATION, DISTRIBUTION, ETC.
Place of publication, distribution, etc. Oslo
Name of publisher, distributor, etc. Statistics Norway
Date of publication, distribution, etc. 2010
520 ## - SUMMARY, ETC.
Summary, etc. Construction and housing statistics for Norway includes construction, building statistics, construction cost indices, construction price indices, houses and properties - transfers and prices, and housing statistics.
590 ## - LOCAL NOTE (RLIN)
Local note KA
651 #4 - SUBJECT ADDED ENTRY--GEOGRAPHIC NAME
Geographic name Norway
690 ## - LOCAL SUBJECT ADDED ENTRY--TOPICAL TERM (OCLC, RLIN)
Topical term or geographic name as entry element Cost management
9 (RLIN) 6233
856 40 - ELECTRONIC LOCATION AND ACCESS
Uniform Resource Identifier <a href="https://www.ssb.no/bygg_en/">https://www.ssb.no/bygg_en/</a>
Public note View the website free of charge at www.ssb.no
942 ## - ADDED ENTRY ELEMENTS (KOHA)
Suppress in OPAC 0
Holdings
Withdrawn status Lost status Source of classification or shelving scheme Damaged status Not for loan Home library Current library Shelving location Date acquired Total Checkouts Full call number Barcode Date last seen Copy number Price effective from Koha item type
    Dewey Decimal Classification     Virtual Virtual Online 24/02/2012   WEB-SITE 155067-2001 06/08/2019 1 06/08/2019 Online material